Abnormal psychology (Record no. 1848204)

MARC details
000 -LEADER
fixed length control field 00555nam a22002057a 4500
005 - DATE AND TIME OF LATEST TRANSACTION
control field 20260410115639.0
008 - FIXED-LENGTH DATA ELEMENTS--GENERAL INFORMATION
fixed length control field 260410b |||||||| |||| 00| 0 eng d
037 ## - SOURCE OF ACQUISITION
Terms of availability DSWL
040 ## - CATALOGING SOURCE
Original cataloging agency DSWL
Transcribing agency DSWL
041 ## - LANGUAGE CODE
Language code of original eng
100 ## - MAIN ENTRY--PERSONAL NAME
Personal name Butcher, James N
245 ## - TITLE STATEMENT
Title Abnormal psychology
250 ## - EDITION STATEMENT
Edition statement 16th
260 ## - PUBLICATION, DISTRIBUTION, ETC.
Place of publication, distribution, etc. Noida,
Name of publisher, distributor, etc. Pearson Education,
Date of publication, distribution, etc. 2018
300 ## - PHYSICAL DESCRIPTION
Extent 733p
365 ## - TRADE PRICE
Price type code INR
Price amount 799
700 ## - ADDED ENTRY--PERSONAL NAME
Personal name Jill M. Hooley & Susan M Mineka
9 (RLIN) 1234636
942 ## - ADDED ENTRY ELEMENTS (KOHA)
Source of classification or shelving scheme Colon Classification (CC)
Koha item type Textual
Suppress in OPAC No
Holdings
Withdrawn status Lost status Source of classification or shelving scheme Damaged status Not for loan Home library Current library Date acquired Source of acquisition Cost, normal purchase price Inventory number Total Checkouts Full call number Barcode Date last seen Price effective from Koha item type
    Colon Classification (CC)     Department of Social Work Library Department of Social Work Library 2018-02-28 Anshika Book International 799.00 1230/26.02.18   S6 Q8 SW0032348 2026-04-10 2026-04-10 Textual
Copyright @ Delhi University Library System